| 000 | 01018nam a2200301 4500 | ||
|---|---|---|---|
| 003 | OSt | ||
| 005 | 20260601193527.0 | ||
| 008 | 260507b1994 nyua|||| |||| 00| 0 eng d | ||
| 020 | _a0679740392 | ||
| 020 | _a9780679740391 | ||
| 040 |
_aICI _bspa _cICI |
||
| 041 | _aeng | ||
| 050 |
_aT15 _b.P48 |
||
| 100 | 1 |
_aPetroski, Henry, _eautor _935997 |
|
| 245 | 1 |
_aThe evolution of useful things : _bhow everyday artifacts - from forks and pins to paper clips and zippers - came to be as they are / _cHenry Petroski |
|
| 264 |
_aNew York : _bVintage Books, _c1994 |
||
| 300 |
_a288 páginas : _bilustraciones |
||
| 336 |
_atexto _2rdacontent |
||
| 337 |
_asin medio _2rdamedia |
||
| 338 |
_avolumen _2rdacarrier |
||
| 650 |
_aIndustrial design _xHistory _935998 |
||
| 650 |
_aTechnological innovations _xHistory _935999 |
||
| 650 |
_aMaterial culture _936000 |
||
| 650 |
_aEngineering design _936001 |
||
| 650 |
_aHousehold appliances _xHistory _936002 |
||
| 650 |
_aTechnology _xSocial aspects _936003 |
||
| 942 |
_2lcc _cB _n1 |
||
| 999 |
_c21240 _d21240 |
||